000 01279nam a2200313 a 4500
001 ebr10742717
003 CaPaEBR
006 m o u
007 cr cn|||||||||
008 110520s2011 coua sb 001 0 eng d
010 _z 2011021919
020 _z9780873353465
020 _z9780873353472 (e-book)
040 _aCaPaEBR
_cCaPaEBR
035 _a(OCoLC)735604350
050 1 4 _aTA712
_b.C64 2011eb
082 0 4 _a620.1/36
_223
245 0 0 _aConcrete for underground structures
_h[electronic resource] :
_bguidelines for design and construction /
_cedited by Robert J.F. Goodfellow.
260 _aEnglewood, Colo. :
_bSociety for Mining, Metallurgy, and Exploration,
_cc2011.
300 _aviii, 168 p. :
_bill.
504 _aIncludes bibliographical references and index.
533 _aElectronic reproduction.
_bPalo Alto, Calif. :
_cebrary,
_d2013.
_nAvailable via World Wide Web.
_nAccess may be limited to ebrary affiliated libraries.
650 0 _aUnderground construction.
650 0 _aConcrete construction.
655 7 _aElectronic books.
_2local
700 1 _aGoodfellow, Robert J. F.
710 2 _aebrary, Inc.
856 4 0 _uhttp://site.ebrary.com/lib/rucke/Doc?id=10742717
_zAn electronic book accessible through the World Wide Web; click to view
999 _c35434
_d35434